Comedias
Saved in:
| Format: | Bog |
|---|---|
| Sprog: | spansk |
| Udgivet: |
Madrid
Espasa-Calpe
1956
|
| Serier: | Clásicos castellanos, 131
|
| Fag: | |
| Tags: |
Tilføj Tag
Ingen Tags, Vær først til at tagge denne postø!
|
MARC
| LEADER | 00000nam a2200000 a 4500 | ||
|---|---|---|---|
| 001 | UCY2525 | ||
| 003 | CL-VaPUC | ||
| 008 | 941031e19560000SP |||||||||||||||||spa|d | ||
| 082 | 0 | 4 | |a 862 |b TIR |2 21 |
| 245 | 1 | 0 | |a Comedias |
| 300 | |a v | ||
| 942 | |c BK | ||
| 945 | |d 19941031 00:00:00 |a rbrito | ||
| 260 | |a Madrid |b Espasa-Calpe |c 1956 | ||
| 500 | |a v.2: El amor médico, averiguelo Vargas | ||
| 650 | 0 | |a Dramas españoles |9 267081 | |
| 583 | |a last modification |c 19941031 00:00:00 |k Rodrigo Vera | ||
| 490 | 0 | |a Clásicos castellanos, 131 | |
| 999 | |c 230903 |d 230901 | ||
| 952 | |0 0 |1 0 |4 0 |6 862_000000000000000_TIR_1956 |7 0 |8 A |9 233541 |a BIBEDU |b BIBEDU |d 2019-11-15 |h v.2 |i 3025594 |o 862 TIR 1956 |p 3025594 |r 2019-11-15 |w 2019-11-15 |y BK |k LIT | ||